Loading...
| Geography/Current Events | 0 | 4 | 0 | 0 | 40 | 13 | 61.25 | 2 | 4 | 0.00 | 0.00 |
| Science - Other | 0 | 3 | 0 | 0 | 30 | 17 | 68.33 | 2 | 2 | 0.00 | 0.00 |
| History - European | 0 | 3 | 0 | 0 | 30 | 89 | 101.33 | 0 | 2 | 0.00 | 0.00 |
| Social Science | 0 | 3 | 2 | 1 | 20 | 67 | 86.33 | 0 | 0 | 0.00 | 0.00 |
| Philosophy | 0 | 2 | 1 | 0 | 15 | 82 | 82.00 | 0 | 1 | 0.00 | 0.00 |
| Religion | 0 | 2 | 1 | 0 | 15 | 39 | 63.50 | 1 | 1 | 0.00 | 0.00 |
| History - Other | 0 | 1 | 0 | 0 | 10 | 86 | 86.00 | 0 | 1 | 0.00 | 0.00 |
| History - World | 0 | 1 | 1 | 0 | 5 | 97 | 97.00 | 0 | 0 | 0.00 | 0.00 |
| History - American | 0 | 1 | 1 | 0 | 5 | 28 | 28.00 | 1 | 1 | 0.00 | 0.00 |
| Science - Chemistry | 0 | 0 | 1 | 0 | -5 | 0.00 | 0 | 0 | 0.00 | 0.00 |